Представление документа в формате MARC21

Поле Инд. ПП Название Значение
Тип записи a
Библиографический уровень b
001 Контрольный номер UNIDUBNAd7ed286f8b7b42f1a68f6697320bc356
005 Дата корректировки 20250113143948.1
008 Кодируемые данные 20170331
040 b Код языка каталог. rus
e Правила каталог. PSBO
041 0_ a Код языка текста rus
084 a Индекс другой классификации/Индекс ББК 60.953.8; 60.992-38
100 1_ a Автор Ивантиева И. Г.
245 10 a Заглавие Современные подходы в социальном обслуживании на дому граждан пожилого возраста и инвалидов
520 0_ a Аннотация С увеличением продолжительности жизни и ростом доли населения старше трудоспособного возраста актуальной становится проблема оказания социальной помощи пожилым людям с применением новых, инновационных методов работы. В статье раскрывается новый метод социальной работы, получивший название "Социальный участковый". Социальные участковые - это социальные работники, которые выявляют на вверенной им территории все категории граждан, нуждающиеся в помощи. Особое внимание - людям пожилого возраста.
650 14 a Основная рубрика социальная работа
653 0_ a Ключевые слова безопасность жизнедеятельности
a Ключевые слова бытовое обслуживание
a Ключевые слова здоровый образ жизни
a Ключевые слова инвалиды
a Ключевые слова качество жизни
a Ключевые слова комплексная поддержка
a Ключевые слова медицинское обслуживание
a Ключевые слова методы социальной работы
a Ключевые слова общение
a Ключевые слова ограниченные возможности здоровья
a Ключевые слова охрана здоровья
a Ключевые слова пожилые люди
a Ключевые слова психическое здоровье
a Ключевые слова психосоциальная коррекция
a Ключевые слова самореализация
a Ключевые слова социальная адаптация
a Ключевые слова социальное обслуживание на дому
a Ключевые слова социально-медицинские услуги
a Ключевые слова социальные навыки
a Ключевые слова социальные связи
a Ключевые слова социальный участковый
a Ключевые слова трудная жизненная ситуация
a Ключевые слова физическое здоровье
773 08 t Заглавие источника Работник социальной службы
d Дата издания источника 2023
g Прочая информация № 4. - С. 39 - 43
w Контрольный № источника UNIDUBNA97db66158d7d4914aca14733b32c8583
901 t Тип документа b